| 000 | 00874nam a22002531u 4500 | ||
|---|---|---|---|
| 001 | 07127 | ||
| 003 | HDC | ||
| 007 | cr bn --- | ||
| 008 | 210123b2011 ||||| |||| 00| 0 eng d | ||
| 040 | _aHDC | ||
| 100 |
_aAssoc Prof Dr Abd Wahid Haron _95614 |
||
| 245 | 0 |
_aTechnology for Genetic Improvement in Ruminant / _cby Assoc Prof Dr Abd Wahid Haron |
|
| 260 |
_a[No place] : _b[publisher not identified], _c[no year] |
||
| 300 |
_a6 pages : _bIllustrations |
||
| 336 |
_atext _2rdacontent |
||
| 337 |
_acomputer _2rdamedia |
||
| 338 |
_aonline resource _2rdacarrier |
||
| 650 |
_aBiotechnology _9343 |
||
| 650 |
_aBreeding _97599 |
||
| 856 | _zRequest full-text at [email protected] | ||
| 942 | _2lcc | ||
| 942 | _cSLIDE | ||
| 942 | _kSLID 000726 | ||
| 999 |
_c4451 _d4451 |
||